000 00652nam a2200205Ia 4500
003 GCL
008 140319s9999 xx 000 0 eng d
040 _aGCL /
_cGCL
082 0 4 _a791.43028092
_bM G
100 1 _aMALTHETE , JACQUES
245 1 0 _aGEORGES MELIES: 'ILLUSIONNISTE FIN DE SIECLE? :ACTES DU COLLOQUE DE CERISY LA SALLE, 13 - 22 AOUT 1996 /
_cMALTHETE , JACQUES
700 1 _aMARIE , MICHEL
260 _a[S.N] :
_bPRESSES DE LA SORBONNE NOUVELLE ،
_c1996
300 _a456 P
650 0 4 _aBIOGRAPHIES
650 0 4 _aACTORS - BIOGRAPHIES
650 0 4 _aMOTION PICTURES - BIOGRAPHIES
650 0 4 _aMELIES , GEORGES
942 _2ddc
_cBK
999 _c16168
_d16168